Bitwy wojen napoleońskich - nagła śmierć - Statystyki

Ogólne statystyki
  • Ten quiz został rozwiązany 225 razy
  • Średni wynik to 6 z 16
Answers on the Grid
Answers color-coded by a green-red scale on the quiz's grid according to % correct below.
Trafalgar
Austerlitz
Lipsk
Borodino
Berezyna
Smoleńsk
Raszyn
Waterloo
Abukir
Hohenlinden
Somosierra
Frydlandt
Wagram
Małojarosławiec
Marengo
Lodi
Psków
Stambuł
Stalingrad
Kursk
Amiens
Wiedeń
Grunwald
Somma
Verdun
Gettysburg
Moskwa
Charleroi
 
Statystyki odpowiedzi
Odpowiedź % Poprawnych
Waterloo
74%
Austerlitz
69%
Lipsk
59%
Somosierra
56%
Borodino
54%
Trafalgar
54%
Berezyna
48%
Frydlandt
40%
Wagram
40%
Marengo
38%
Hohenlinden
25%
Raszyn
25%
Lodi
19%
Smoleńsk
18%
Abukir
16%
Małojarosławiec
14%
Nie znaleziono quizów pasujących do podanych kryteriów
Rozkład punktacji
Procent ludzi z każdym wynikiem
Percentyl według liczby udzielonych odpowiedzi
Twoja historia wyników
Nie rozwiązałeś tego quizu